| 000 | 00563nam a22001697a 4500 | ||
|---|---|---|---|
| 008 | 160803b xxu||||| |||| 00| 0 eng d | ||
| 020 | _a9780304702176 | ||
| 050 | _aHT1161.W355 2000 | ||
| 100 |
_aWalvin, James _924568 |
||
| 245 |
_aMaking the black atlantic _b:Britain and the African diaspora _c/ James Walvin |
||
| 260 |
_aLondon _bCassell _c2000 |
||
| 300 |
_axi, 180p. ; _b24cm. |
||
| 650 |
_aSlave-trade _zGreat Britain _924569 |
||
| 650 |
_aSlave-trade _zNorth Atlantic region _924570 |
||
| 650 |
_aSlave-trade _zAfrica, West _95427 |
||
| 942 |
_2lcc _cMONOGRAPH |
||
| 999 |
_c124839 _d124839 |
||